| 000 | 00410nam a22001697a 4500 | ||
|---|---|---|---|
| 005 | 20160520104808.0 | ||
| 008 | 160520b xxu||||| |||| 00| 0 eng d | ||
| 020 | _a81-219-0146-4 | ||
| 041 | _aeng | ||
| 082 | _b3403 | ||
| 100 |
_aKhurmi RS & Seha RS _9853 |
||
| 245 | _aMaterials Science | ||
| 260 |
_aNew Delhi _bSultan Chand & Sons. |
||
| 300 | _a367 | ||
| 650 |
_aDIPLOMA ENGINEERING _9817 |
||
| 942 | _cBK | ||
| 999 |
_c1168 _d1168 |
||